00988 2200325 4500001002100000005001500021035002000036007000300056008004100059020002200100040002200122082001500144084001700159090002100176090002200197100003000219245009000249250003100339300005100370650003800421850001200459041000800471504002500479264003900504336002100543337003000564338002300594999002300617990002200640INLIS00000000084957520191009082805 a0010-0719000576ta190716s2018 yoia g ind d a978-602-1286-64-7 aYOPDYOGbinderda04223a001.42 a001.42 MUD m aDEP 001.42 MUD m aCB-D.11 2018-30920 aMudrajad Kuncoroepenulis10aMetode kuantitatif :bteori dan aplikasi untuk bisnis dan ekonomi /cMudrajad Kuncoro aEdisi kelima, Agustus 2018 axvi, 336 halaman :bilustrasi, grafik ;c25 cm 4aPenelitian, metode--vKuantitatif aYOPDYOG0 aind aTermasuk bibliografi34aYogyakarta :bUPP STIM YKPN,c2018 2rdacontentateks 2rdamediaatanpa perantara 2rdacarrieravolume aCB-D.11/ 2018-3092 aCB-D.11/2018-3092